Państwa i stolice obu Ameryk - Statystyki

Ogólne statystyki
  • Ten quiz został rozwiązany 635 razy
  • Średni wynik to 22 z 35
Statystyki odpowiedzi
Hint Odpowiedź % Poprawnych
Stany Zjednoczone Waszyngton
90%
Brazylia Brasilia
89%
Argentyna Buenos Aires
89%
Meksyk Meksyk
86%
Kanada Ottawa
86%
Peru Lima
83%
Panama Panama
78%
Chile Santiago
78%
Kolumbia Bogota
77%
Kuba Hawana
75%
Urugwaj Montevideo
75%
Gwatemala Gwatemala
70%
Ekwador Quito
70%
Wenezuela Caracas
68%
Jamajka Kingston
65%
Salwador San Salvador
64%
Saint Vincent i Grenadyny Kingstown
63%
Dominikana Santo Domingo
61%
Gujana Georgetown
60%
Paragwaj Asunción
58%
Kostaryka San José
58%
Boliwia Sucre
57%
Haiti Port au Prince
56%
Nikaragua Managua
55%
Bahamy Nassau
54%
Surinam Paramaribo
52%
Trynidad i Tobago Port of Spain
52%
Belize Belmopan
51%
Honduras Tegucigalpa
48%
Antigua i Barbuda Saint John’s
47%
Barbados Bridgetown
43%
Grenada Saint George’s
40%
Dominika Roseau
38%
Saint Lucia Castries
33%
Saint Kitts i Nevis Basseterre
32%
Nie znaleziono quizów pasujących do podanych kryteriów
Rozkład punktacji
Procent ludzi z każdym wynikiem
Percentyl według liczby udzielonych odpowiedzi
Twoja historia wyników
Nie rozwiązałeś tego quizu